[Event "5th IT Lukavac 2016"]
[Site "Lukavac"]
[Date "2016.11.25"]
[Round "3.18"]
[White "Sadikovic, Jasmin"]
[Black "Zenelaj, Fisnik"]
[Result "0-1"]
[WhiteElo "2128"]
[BlackElo "1934"]
[PlyCount "130"]
[EventDate "2016.11.24"]

1. e4 c5 2. Nf3 d6 3. c3 g6 4. Bc4 e6 5. O-O Nf6 6. e5 dxe5 7. Nxe5 Bg7 8. Bb5+
Bd7 9. Nxd7 Nbxd7 10. d4 cxd4 11. Qxd4 O-O 12. Bg5 Qc7 13. Rd1 Ne5 14. Qh4 Nd5
15. Be2 Rac8 16. Na3 a6 17. c4 Nb6 18. Rac1 Nc6 19. Bf6 Bxf6 20. Qxf6 Qe5 21.
Qxe5 Nxe5 22. f4 Nc6 23. Bf3 Rfd8 24. Rxd8+ Rxd8 25. Bxc6 bxc6 26. Rc2 Rd4 27.
g3 Nd7 28. Kf2 e5 29. fxe5 Nxe5 30. b3 c5 31. Re2 f6 32. Nc2 Rd1 33. Ne3 Rd7
34. Nd5 Kf7 35. Ke3 Rd6 36. Kd2 a5 37. Kc2 Ra6 38. Nc7 Rd6 39. Nd5 Rd7 40. Nc3
Nf3 41. Rf2 Nd4+ 42. Kb2 f5 43. Ne4 Rc7 44. Kc3 Ne6 45. g4 f4 46. g5 Kg7 47.
Rd2 f3 48. Nf6 Rf7 49. h4 h6 50. Ne4 hxg5 51. hxg5 Nxg5 52. Nf2 Re7 53. Rd3 Re2
54. Rd7+ Kf8 55. Rd5 Rxf2 56. Rxg5 Rg2 57. Rxc5 f2 58. Rc8+ Kg7 59. Rc7+ Kf8
60. Rc8+ Ke7 61. Rc7+ Ke6 62. Rc6+ Ke5 63. Rc5+ Ke4 64. Rc8 Rg3+ 65. Kb2 f1=Q
0-1

[Event "5th IT Lukavac 2016"]
[Site "Lukavac"]
[Date "2016.11.25"]
[Round "3.19"]
[White "Nezirovic, Ozren"]
[Black "Habibovic, Hazim"]
[Result "1/2-1/2"]
[WhiteElo "2039"]
[BlackElo "1915"]
[PlyCount "61"]
[EventDate "2016.11.24"]

1. e4 d6 2. d4 g6 3. Nc3 Bg7 4. Be3 Nf6 5. h3 O-O 6. f4 Nh5 7. Qf3 e5 8. O-O-O
exf4 9. Bxf4 Nxf4 10. Qxf4 Qf6 11. Qxf6 Bxf6 12. Nf3 c6 13. e5 Be7 14. exd6
Bxd6 15. Bc4 Kg7 16. Rhf1 h6 17. Ne5 f6 18. Nd3 Nd7 19. Ne4 Be7 20. Ndc5 Nxc5
21. Nxc5 b6 22. Rde1 Bd6 23. Ne4 Be7 24. d5 Bd7 25. d6 Bd8 26. a4 f5 27. Nc3
Bg5+ 28. Kb1 Rae8 29. Rd1 Re3 30. Be2 Rfe8 31. Bf3 1/2-1/2

[Event "5th IT Lukavac 2016"]
[Site "Lukavac"]
[Date "2016.11.25"]
[Round "3.20"]
[White "Yurdakul, Didem Nuray"]
[Black "Osmanbegovic, Avdo"]
[Result "1/2-1/2"]
[WhiteElo "1562"]
[BlackElo "2027"]
[PlyCount "65"]
[EventDate "2016.11.24"]

1. e4 e6 2. d4 d5 3. exd5 exd5 4. Bd3 Nc6 5. c3 Nf6 6. Nf3 Bd6 7. O-O O-O 8.
Re1 Re8 9. Bg5 Bg4 10. Nbd2 h6 11. Rxe8+ Qxe8 12. Bxf6 gxf6 13. Qb3 Qd7 14. Re1
Na5 15. Qd1 Kh8 16. Qe2 Rg8 17. Qe3 Bf8 18. Qf4 Qd6 19. Qxd6 Bxd6 20. Nh4 Nc6
21. Nf1 Ne7 22. Ne3 Be6 23. Nef5 Nxf5 24. Bxf5 Re8 25. g3 Bd7 26. Kf1 Rxe1+ 27.
Kxe1 Be6 28. Ke2 Kg7 29. Kf3 c5 30. dxc5 Bxc5 31. Bd3 Kf8 32. Nf5 Bxf5 33. Bxf5
1/2-1/2

[Event "5th IT Lukavac 2016"]
[Site "Lukavac"]
[Date "2016.11.25"]
[Round "3.21"]
[White "Pasalic, Adnan"]
[Black "Pozegic, Semso"]
[Result "0-1"]
[WhiteElo "2027"]
[BlackElo "1873"]
[PlyCount "110"]
[EventDate "2016.11.24"]

1. d4 Nf6 2. c4 g6 3. Nc3 Bg7 4. Nf3 O-O 5. Bg5 d6 6. e4 Qe8 7. Be2 Bg4 8. O-O
c6 9. Qb3 b6 10. h3 Bxf3 11. Bxf3 e5 12. Rad1 Nbd7 13. dxe5 dxe5 14. Qa3 Nc5
15. b4 Ne6 16. Be3 Qe7 17. c5 b5 18. Rd6 Qc7 19. Qa6 Rfc8 20. Rfd1 Bf8 21. R6d2
Rab8 22. Bg4 Nxg4 23. Rd7 Nxe3 24. fxe3 Bxc5 25. Rxc7 Bxe3+ 26. Kf1 Rxc7 27.
Ne2 Ng5 28. Rd3 Nxe4 29. Rxe3 Nd2+ 30. Kf2 Nc4 31. Rxe5 Rb6 32. Re8+ Kg7 33.
Qc8 Rxc8 34. Rxc8 Ra6 35. Nc1 Ne5 36. Ke3 Ra4 37. Ke4 Kf6 38. Nd3 Nxd3 39. Kxd3
Rxb4 40. Rxc6+ Kg7 41. Ra6 Ra4 42. Rxa4 bxa4 43. Kc4 f5 44. Kb4 g5 45. Kxa4 g4
46. hxg4 fxg4 47. Kb5 h5 48. Ka6 h4 49. Kxa7 h3 50. gxh3 g3 51. a4 g2 52. a5
g1=Q+ 53. Kb7 Qb1+ 54. Ka7 Kf7 55. a6 Ke8 0-1

[Event "5th IT Lukavac 2016"]
[Site "Lukavac"]
[Date "2016.11.25"]
[Round "3.22"]
[White "Nalic, Ahmet"]
[Black "Mahmutbegovic, Muharem"]
[Result "0-1"]
[WhiteElo "2019"]
[BlackElo "1843"]
[PlyCount "110"]
[EventDate "2016.11.24"]

1. e4 e6 2. d4 d5 3. Nd2 dxe4 4. Nxe4 Nf6 5. Bd3 Nbd7 6. Nf3 Nxe4 7. Bxe4 Nf6
8. Bd3 h6 9. Ne5 Bd6 10. Qe2 c6 11. Bd2 Qc7 12. f4 a6 13. c4 c5 14. dxc5 Bxc5
15. Bc3 Qb6 16. Rf1 Bb4 17. Bxb4 Qxb4+ 18. Qd2 Qxd2+ 19. Kxd2 Bd7 20. Rad1 Ke7
21. Rf3 Rhd8 22. Kc2 Rac8 23. Kb3 Bc6 24. Nxc6+ Rxc6 25. Bc2 Rxd1 26. Bxd1 Rd6
27. Kc2 Rd4 28. b3 Ne4 29. Rd3 Rxd3 30. Kxd3 Nf2+ 31. Ke2 Nxd1 32. Kxd1 Kf6 33.
Kd2 e5 34. fxe5+ Kxe5 35. Ke3 f5 36. g3 g5 37. h3 h5 38. h4 g4 39. b4 b6 40. c5
bxc5 41. bxc5 f4+ 42. gxf4+ Kd5 43. f5 Kxc5 44. Ke4 Kd6 45. Kf4 Ke7 46. Ke4 Kf7
47. Ke3 Kf6 48. Kf4 a5 49. a4 Ke7 50. Ke4 Kd6 51. Kf4 Kd5 52. f6 Ke6 53. Ke4
Kxf6 54. Kf4 Ke6 55. Ke4 Kd6 0-1

[Event "5th IT Lukavac 2016"]
[Site "Lukavac"]
[Date "2016.11.25"]
[Round "3.23"]
[White "Aydin, Gulenay"]
[Black "Sinanovic, Ermin"]
[Result "0-1"]
[WhiteElo "1416"]
[BlackElo "2016"]
[PlyCount "40"]
[EventDate "2016.11.24"]

1. e4 c5 2. Nf3 d6 3. d4 cxd4 4. Nxd4 Nf6 5. Nc3 a6 6. Be2 e6 7. Be3 Be7 8. Qd2
O-O 9. O-O-O b5 10. Rdg1 b4 11. Nd1 Nxe4 12. Qe1 d5 13. f3 Nc5 14. f4 Qc7 15.
g4 Nbd7 16. g5 e5 17. Nf5 Bd6 18. Rg3 exf4 19. Rh3 Ne5 20. Nxd6 Ncd3+ 0-1

[Event "5th IT Lukavac 2016"]
[Site "Lukavac"]
[Date "2016.11.25"]
[Round "3.25"]
[White "Uysal, Ugur"]
[Black "Zivkovic, Milenko"]
[Result "1-0"]
[WhiteElo "1532"]
[BlackElo "1988"]
[PlyCount "87"]
[EventDate "2016.11.24"]

1. Nf3 Nf6 2. d4 c5 3. c4 e6 4. Nc3 d5 5. cxd5 exd5 6. g3 Nc6 7. Bg2 Be7 8. O-O
O-O 9. b3 Be6 10. Bb2 h6 11. Rc1 b6 12. dxc5 bxc5 13. Na4 Ne4 14. Nd2 Nxd2 15.
Qxd2 c4 16. bxc4 Bb4 17. Qd1 Qa5 18. cxd5 Rad8 19. Rxc6 Bxd5 20. Bxd5 Rxd5 21.
Qb3 Rfd8 22. a3 Bd2 23. Bc3 Bxc3 24. Nxc3 Rh5 25. e4 Qe5 26. Rd1 Rb8 27. Qd5
Qe8 28. Qd7 Qf8 29. Rc7 Re5 30. Rd5 Re6 31. f4 Ree8 32. Qd6 Qxd6 33. Rxd6 Rb2
34. Rdd7 Rb3 35. Nd5 Rf8 36. Kg2 Rxa3 37. Rxa7 Rb3 38. e5 g5 39. e6 g4 40. Rxf7
Rxf7 41. Rxf7 Rb2+ 42. Kf1 Rb1+ 43. Ke2 Rb2+ 44. Kd3 1-0

[Event "5th IT Lukavac 2016"]
[Site "Lukavac"]
[Date "2016.11.25"]
[Round "3.26"]
[White "Harcin, Amer"]
[Black "Zenelaj, Samuel"]
[Result "1/2-1/2"]
[WhiteElo "1952"]
[BlackElo "1707"]
[PlyCount "56"]
[EventDate "2016.11.24"]

1. d4 d5 2. c4 e6 3. Nc3 Nf6 4. cxd5 exd5 5. Bg5 Be7 6. e3 O-O 7. Bd3 c6 8. Qc2
h6 9. Bh4 a5 10. Nf3 Nbd7 11. O-O Re8 12. a3 Ne4 13. Bxe4 Bxh4 14. Bh7+ Kh8 15.
Bf5 Bf6 16. Na4 Qc7 17. Rfb1 Nb6 18. Nxb6 Qxb6 19. h3 Bxf5 20. Qxf5 Kg8 21. b3
Qc7 22. Rc1 Qd6 23. Qc2 Ra6 24. Qc5 Qxc5 25. Rxc5 Be7 26. Rc3 Bd6 27. Ne1 Rb6
28. Nd3 Ra8 1/2-1/2

[Event "5th IT Lukavac 2016"]
[Site "Lukavac"]
[Date "2016.11.25"]
[Round "3.29"]
[White "Halilovic, Fahrudin"]
[Black "Rakita, Jandrija"]
[Result "1-0"]
[WhiteElo "2092"]
[BlackElo "1544"]
[PlyCount "49"]
[EventDate "2016.11.24"]

1. e4 e5 2. Bc4 Nf6 3. d4 exd4 4. Nf3 d5 5. exd5 Nxd5 6. O-O Bc5 7. Re1+ Be6 8.
Ng5 Qd7 9. Nxe6 fxe6 10. Qh5+ Kd8 11. Nd2 c6 12. Ne4 Be7 13. Bg5 Kc7 14. Bxe7
Qxe7 15. Qe5+ Kb6 16. a4 a5 17. Ra3 Nd7 18. Rb3+ Ka7 19. Qxd4+ c5 20. Qd2 b6
21. Ng5 N7f6 22. Rxe6 Qd7 23. Qxa5+ Kb7 24. Rexb6+ Nxb6 25. Rxb6+ 1-0

[Event "5th IT Lukavac 2016"]
[Site "Lukavac"]
[Date "2016.11.25"]
[Round "3.30"]
[White "Karlovic, Zvonimir"]
[Black "Hutinovic, Halim"]
[Result "0-1"]
[WhiteElo "1873"]
[BlackElo "2019"]
[PlyCount "38"]
[EventDate "2016.11.24"]

1. Nf3 d5 2. c4 d4 3. d3 c5 4. g3 Nc6 5. Bg2 e5 6. b4 cxb4 7. a3 Nf6 8. O-O
bxa3 9. Bxa3 Bxa3 10. Nxa3 O-O 11. Nb5 Bg4 12. c5 Nd7 13. Qc2 a5 14. Nd6 Qc7
15. Rfc1 Nb4 16. Qc4 Be6 17. Qb5 Bd5 18. Nxe5 Nxe5 19. Bxd5 Nxd5 0-1

[Event "5th IT Lukavac 2016"]
[Site "Lukavac"]
[Date "2016.11.25"]
[Round "3.31"]
[White "Cabric, Izet"]
[Black "Kocanovic, Armin"]
[Result "0-1"]
[WhiteElo "1933"]
[BlackElo "1665"]
[PlyCount "84"]
[EventDate "2016.11.24"]

1. c4 e5 2. Nc3 Nc6 3. g3 Nf6 4. Bg2 Bc5 5. e3 O-O 6. Nge2 a6 7. O-O Re8 8. a3
d6 9. b4 Ba7 10. d4 Rb8 11. Bb2 Bg4 12. h3 exd4 13. exd4 Bxe2 14. Nxe2 d5 15.
c5 b6 16. Rc1 Ne4 17. Nc3 f5 18. cxb6 Nxc3 19. Rxc3 Rxb6 20. Qb3 Ne7 21. Re3 c6
22. Rfe1 Bb8 23. Bf1 f4 24. gxf4 Bxf4 25. Re6 a5 26. Bc3 Bd6 27. b5 Rb7 28. Qa4
cxb5 29. Bxb5 Rf8 30. Bxa5 Qb8 31. Bb4 Bh2+ 32. Kg2 Qf4 33. R1e2 Rc7 34. Bd6
Qf3+ 35. Kxh2 Rc1 36. Re1 Rxe1 37. Rxe1 Qxf2+ 38. Kh1 Qxe1+ 39. Kh2 Rf2+ 40.
Kg3 Nf5+ 41. Kg4 Rg2+ 42. Kxf5 Qe4# 0-1

[Event "5th IT Lukavac 2016"]
[Site "Lukavac"]
[Date "2016.11.25"]
[Round "3.32"]
[White "Brcaninovic, Enes"]
[Black "Imamovic, Samir"]
[Result "0-1"]
[WhiteElo "1650"]
[BlackElo "1898"]
[PlyCount "68"]
[EventDate "2016.11.24"]

1. e4 e5 2. Nf3 Nc6 3. Bc4 d6 4. Nc3 Bg4 5. h3 Bxf3 6. Qxf3 Qf6 7. Qd1 Nd4 8.
d3 c6 9. Ne2 b5 10. Nxd4 exd4 11. Bb3 g6 12. O-O Bg7 13. f4 Qe7 14. Qf3 O-O-O
15. Bd2 Qd7 16. f5 Bh6 17. Ba5 Rf8 18. fxg6 fxg6 19. Qg3 Be3+ 20. Kh1 Nf6 21.
Qe1 Nh5 22. Rxf8+ Rxf8 23. Bd2 Bf2 24. Qd1 Qe7 25. Qg4+ Kc7 26. Be1 Be3 27. Bh4
Qe5 28. g3 Rf2 29. Re1 Nf6 30. Qe6 Qxe6 31. Bxe6 g5 32. Rxe3 dxe3 33. Bxg5 e2
34. Bd2 Rf1+ 0-1

[Event "5th IT Lukavac 2016"]
[Site "Lukavac"]
[Date "2016.11.25"]
[Round "3.33"]
[White "Mujcinovic, Muharem"]
[Black "Janjic, Nikola"]
[Result "1/2-1/2"]
[WhiteElo "1780"]
[BlackElo "1873"]
[PlyCount "149"]
[EventDate "2016.11.24"]

1. e4 e5 2. Nf3 Nf6 3. Nc3 Nc6 4. Bc4 Be7 5. d3 O-O 6. h3 d6 7. a4 Be6 8. Nd5
a6 9. c3 Bxd5 10. exd5 Nb8 11. Qb3 b6 12. O-O Nbd7 13. Qc2 Qb8 14. Bg5 h6 15.
Bh4 Qb7 16. Qc1 Nc5 17. d4 b5 18. dxe5 dxe5 19. Ba2 e4 20. Nd4 Nd3 21. Qd2 Ne5
22. f4 exf3 23. Nxf3 Nxf3+ 24. Rxf3 Qb6+ 25. Bf2 Bc5 26. Bxc5 Qxc5+ 27. Kh1
Rad8 28. Rxf6 gxf6 29. Qxh6 Rd6 30. Rf1 f5 31. Qg5+ Rg6 32. Qxf5 Qd6 33. Bb1
Qg3 34. Rf2 Kg7 35. Be4 bxa4 36. Rf4 Qg5 37. g4 Qxf5 38. Bxf5 Rd6 39. Rxa4 Rxd5
40. Kg2 a5 41. Kg3 Rb8 42. Ra2 f6 43. h4 Rb6 44. h5 Kh6 45. Kf4 Rc5 46. Ke4
Re5+ 47. Kd4 Rd6+ 48. Kc4 Rd2 49. Kb3 Rb5+ 50. Ka3 a4 51. Be6 Rb6 52. Bf5 Kg5
53. Kxa4 Rbxb2 54. Rxb2 Rxb2 55. c4 c5 56. Ka5 Rb4 57. Be6 Kh6 58. Ka6 Kg7 59.
Ka5 Rb2 60. Ka6 Kh6 61. Ka5 Rb4 62. Ka6 Kg5 63. Ka5 f5 64. gxf5 Kxh5 65. f6 Kg6
66. f7 Kg7 67. Bd5 Kf8 68. Ka6 Ke7 69. Ka5 Rb8 70. Ka6 Kd7 71. Ka7 Kc7 72. Ka6
Rb6+ 73. Ka5 Rb8 74. Ka4 Kd6 75. Ka5 1/2-1/2

[Event "5th IT Lukavac 2016"]
[Site "Lukavac"]
[Date "2016.11.25"]
[Round "3.34"]
[White "Ozturk, Nil"]
[Black "Peric, Pero"]
[Result "1-0"]
[WhiteElo "1314"]
[BlackElo "1761"]
[PlyCount "105"]
[EventDate "2016.11.24"]

1. e4 e5 2. Nf3 Nc6 3. Nc3 Nf6 4. Bb5 d6 5. d4 Bd7 6. Bxc6 Bxc6 7. O-O Nxe4 8.
Nxe4 Bxe4 9. Re1 f5 10. Ng5 Bc6 11. dxe5 dxe5 12. Rxe5+ Be7 13. Bf4 h6 14. Ne6
Qxd1+ 15. Rxd1 Bd6 16. Nxc7+ Kd7 17. Nxa8 Rxa8 18. Rxf5 Ke6 19. g4 Rd8 20. Re1+
Kd7 21. Bxd6 Kxd6 22. Rd1+ Kc7 23. Rxd8 Kxd8 24. Rf7 g6 25. Rf6 Be4 26. c3 Ke7
27. Rf4 Bc6 28. b4 a6 29. Rd4 Kf6 30. f4 Bf3 31. h3 Bc6 32. Kf2 Ke6 33. a3 Bd5
34. c4 Bc6 35. Kg3 Kf6 36. Rd6+ Kf7 37. c5 Kg7 38. h4 Kf7 39. f5 gxf5 40. gxf5
Kg7 41. Kf4 Bh1 42. Ke5 Bc6 43. Rg6+ Kh7 44. Kf6 Be4 45. Rg7+ Kh8 46. Re7 Bf3
47. Kg6 Bc6 48. Rc7 Be8+ 49. Kxh6 Kg8 50. f6 Bc6 51. f7+ Kf8 52. Kg6 Bf3 53.
Kf6 1-0

[Event "5th IT Lukavac 2016"]
[Site "Lukavac"]
[Date "2016.11.26"]
[Round "4.1"]
[White "Avdic, Adnan A"]
[Black "Mrndjic, Muamer"]
[Result "0-1"]
[WhiteElo "2030"]
[BlackElo "2257"]
[PlyCount "76"]
[EventDate "2016.11.24"]

1. d4 d5 2. Nf3 Nf6 3. Bg5 Ne4 4. Nbd2 Nxg5 5. Nxg5 e5 6. Ngf3 e4 7. Ng1 e3 8.
fxe3 Qe7 9. e4 dxe4 10. e3 g6 11. Bc4 Bh6 12. Qe2 Nd7 13. O-O-O Nb6 14. Bb3 Be6
15. c4 f5 16. Nh3 O-O-O 17. g3 c5 18. d5 Bd7 19. Nf4 Kb8 20. Nb1 Nc8 21. Nc3
Nd6 22. Qc2 g5 23. Ng2 Bg7 24. h4 h6 25. Rh2 Be5 26. Ne2 a6 27. Rdh1 Rdg8 28.
Qd1 Ka7 29. hxg5 hxg5 30. Rxh8 Rxh8 31. Rxh8 Bxh8 32. Ne1 Qh7 33. a4 Qh2 34.
Nc2 Be8 35. Qe1 Be5 36. Na3 Bh5 37. Nc3 Kb8 38. Ncb5 Qxb2# 0-1

[Event "5th IT Lukavac 2016"]
[Site "Lukavac"]
[Date "2016.11.26"]
[Round "4.2"]
[White "Hadzipasic, Emir"]
[Black "Kozarcanin, Sead"]
[Result "1/2-1/2"]
[WhiteElo "2074"]
[BlackElo "2030"]
[PlyCount "96"]
[EventDate "2016.11.24"]

1. Nf3 Nf6 2. d4 d5 3. e3 Bf5 4. Bd3 Bg6 5. O-O Nbd7 6. Qe2 e6 7. Nbd2 c5 8. b3
Qc7 9. Bb2 Bd6 10. c4 O-O 11. Bxg6 hxg6 12. cxd5 exd5 13. dxc5 Nxc5 14. Rfd1
Nce4 15. Rdc1 Qe7 16. h3 Rad8 17. a3 Rfe8 18. b4 Nh5 19. Bd4 b6 20. Rc6 Qb7 21.
Rac1 Bc5 22. Qb5 Bxd4 23. Rc7 Qb8 24. exd4 Nxd2 25. Nxd2 Nf4 26. Kf1 Ne2 27.
Qxe2 Rxe2 28. Kxe2 a5 29. b5 a4 30. Nf3 f6 31. R1c6 Kh7 32. Kf1 Re8 33. g3 Qd8
34. Rb7 Re4 35. Rcc7 Qf8 36. Rf7 Qg8 37. Rxf6 Kh6 38. Rff7 Qe8 39. Rxg7 Qxb5+
40. Kg2 g5 41. Rh7+ Kg6 42. Rbg7+ Kf5 43. Rf7+ Kg6 44. Rhg7+ Kh6 45. Rh7+ Kg6
46. Ne5+ Rxe5 47. dxe5 Qe2 48. Rhg7+ Kh6 1/2-1/2

[Event "5th IT Lukavac 2016"]
[Site "Lukavac"]
[Date "2016.11.26"]
[Round "4.3"]
[White "Trkulja, Goran"]
[Black "Ahmic, Nesim"]
[Result "1-0"]
[WhiteElo "2301"]
[BlackElo "2006"]
[PlyCount "87"]
[EventDate "2016.11.24"]

1. Nf3 Nf6 2. c4 c5 3. g3 g6 4. b3 Bg7 5. Bb2 Nc6 6. Bg2 O-O 7. O-O d6 8. Nc3
Bd7 9. d4 cxd4 10. Nxd4 Rc8 11. Qd2 a6 12. Rfd1 Nxd4 13. Qxd4 Bc6 14. Nd5 Ne8
15. Qd2 Bxb2 16. Qxb2 e6 17. Nf4 Bxg2 18. Nxg2 Qb6 19. Rac1 Ng7 20. e4 Rfd8 21.
Ne3 h5 22. Rd3 Qc6 23. Rcd1 Qxe4 24. Rxd6 Rf8 25. Qd4 Qf3 26. Rd7 Rb8 27. c5
Nf5 28. Nxf5 Qxf5 29. b4 e5 30. Qd5 h4 31. Re1 Rfe8 32. h3 Re6 33. g4 Qf6 34.
Rxb7 Rd8 35. Rd7 Rxd7 36. Qxd7 e4 37. Qd2 Qe5 38. Rc1 e3 39. Qxe3 Qb8 40. Qd4
Qb7 41. a3 Qf3 42. Qc3 Qc6 43. Re1 Rf6 44. Qe3 1-0

[Event "5th IT Lukavac 2016"]
[Site "Lukavac"]
[Date "2016.11.26"]
[Round "4.4"]
[White "Vajic, Goran"]
[Black "Markovic, Dino"]
[Result "1-0"]
[WhiteElo "2295"]
[BlackElo "2065"]
[PlyCount "127"]
[EventDate "2016.11.24"]

1. d4 Nf6 2. Nf3 e6 3. e3 d5 4. Bd3 Nbd7 5. O-O Bd6 6. b3 e5 7. Bf5 e4 8. Nfd2
Nf8 9. Bxc8 Qxc8 10. Ba3 Qd7 11. Bxd6 Qxd6 12. c4 c6 13. Nc3 N8d7 14. f3 exf3
15. Qxf3 O-O 16. c5 Qe7 17. e4 dxe4 18. Ndxe4 Nxe4 19. Nxe4 b6 20. Rae1 bxc5
21. Qg3 cxd4 22. Nf6+ Qxf6 23. Rxf6 Nxf6 24. Qd3 Rad8 25. b4 Rd7 26. h3 h5 27.
Re5 Re8 28. Rxe8+ Nxe8 29. Kf2 Nf6 30. Ke1 Rd5 31. a4 Re5+ 32. Kd1 c5 33. Qg3
Rd5 34. bxc5 Rxc5 35. Qb8+ Kh7 36. Qxa7 Rc4 37. a5 Ra4 38. a6 d3 39. Kd2 Ne4+
40. Kxd3 Rxa6 41. Qxf7 Nf6 42. Qb7 Rd6+ 43. Ke3 Re6+ 44. Kf3 Re5 45. Qb1+ Kh8
46. Qg6 Ra5 47. g4 hxg4+ 48. hxg4 Ra3+ 49. Ke2 Ra2+ 50. Kd1 Rh2 51. g5 Ng8 52.
Ke1 Rh1+ 53. Kf2 Rh2+ 54. Kg3 Rh1 55. Qe4 Rh7 56. Kg4 Rh2 57. Kf5 Kh7 58. Ke6+
Kh8 59. Kf7 Rh5 60. Qg6 Rh7 61. Kf8 Ne7 62. Kxe7 Rh1 63. Qe8+ Kh7 64. g6+ 1-0

[Event "5th IT Lukavac 2016"]
[Site "Lukavac"]
[Date "2016.11.26"]
[Round "4.5"]
[White "Barisic, Predrag"]
[Black "Sitnic, Adnan"]
[Result "0-1"]
[WhiteElo "1954"]
[BlackElo "2247"]
[PlyCount "90"]
[EventDate "2016.11.24"]

1. e4 Nc6 2. d4 e5 3. Nf3 exd4 4. Nxd4 Qf6 5. Be3 Bc5 6. c3 Nge7 7. Be2 d5 8.
Bf3 Ne5 9. Qe2 Nxf3+ 10. Qxf3 Qxf3 11. gxf3 f6 12. Nd2 a6 13. O-O-O Kf7 14. Nf5
Bxe3 15. Nxe3 Be6 16. Nb3 dxe4 17. fxe4 Bxb3 18. axb3 Rad8 19. Kc2 Ng6 20. b4
Rhe8 21. Rxd8 Rxd8 22. Nc4 Nh4 23. Re1 Nf3 24. Re3 Nxh2 25. Rh3 Ng4 26. f3 b5
27. fxg4 bxc4 28. Rxh7 Re8 29. Rh5 Rxe4 30. Rc5 Rxg4 31. Rxc7+ Ke8 32. Ra7 f5
33. Rxa6 f4 34. Rc6 f3 35. Re6+ Kd7 36. Re3 Rf4 37. Re1 f2 38. Rf1 g5 39. Kd2
g4 40. Ke3 g3 41. Kxf4 g2 42. Rxf2 g1=Q 43. Ke3 Qg3+ 44. Ke2 Qd3+ 45. Ke1 Qb1+
0-1

[Event "5th IT Lukavac 2016"]
[Site "Lukavac"]
[Date "2016.11.26"]
[Round "4.6"]
[White "Buljubasic, Sabahudin"]
[Black "Jovovic, Milan"]
[Result "0-1"]
[WhiteElo "2361"]
[BlackElo "1974"]
[PlyCount "64"]
[EventDate "2016.11.24"]

1. e4 c5 2. Nf3 d6 3. d4 cxd4 4. Nxd4 Nf6 5. Nc3 a6 6. Bc4 e6 7. Bb3 b5 8. Bg5
Nbd7 9. O-O Nc5 10. Re1 Bb7 11. Bd5 exd5 12. exd5+ Kd7 13. b4 Na4 14. Nxa4 bxa4
15. c4 Kc8 16. Qxa4 Qd7 17. Nc6 Ng4 18. Re8+ Qxe8 19. Na7+ Kc7 20. Qa5+ Kb8 21.
Nc6+ Bxc6 22. dxc6 Qxc6 23. Rb1 Qc7 24. Qf5 Ne5 25. b5 a5 26. c5 f6 27. Be3
dxc5 28. b6 Qd7 29. Qh5 g6 30. Qe2 Qd3 31. Qe1 c4 32. Bf4 Bb4 0-1

[Event "5th IT Lukavac 2016"]
[Site "Lukavac"]
[Date "2016.11.26"]
[Round "4.7"]
[White "Mujacic, Haris"]
[Black "Trumic, Enes"]
[Result "0-1"]
[WhiteElo "1947"]
[BlackElo "2278"]
[PlyCount "100"]
[EventDate "2016.11.24"]

1. d4 d5 2. c4 e6 3. cxd5 exd5 4. Nc3 Nf6 5. Bg5 c6 6. Qc2 Nbd7 7. e3 h6 8. Bh4
Be7 9. Bd3 O-O 10. Nf3 Nh5 11. Bxe7 Qxe7 12. O-O Rd8 13. Rab1 Nhf6 14. b4 a5
15. a3 axb4 16. axb4 b6 17. Na4 Bb7 18. Rfc1 Rac8 19. Qb2 Ra8 20. Ra1 g6 21. h3
Re8 22. Ra3 Qd6 23. Rca1 Rab8 24. Rc1 Ba8 25. Rb3 Bb7 26. Rbc3 Rbc8 27. R3c2
Ne4 28. Bxe4 dxe4 29. Ne5 Nxe5 30. dxe5 Qxe5 31. Qxe5 Rxe5 32. Rd2 Rb5 33. Rd7
Rb8 34. Rc7 Rxb4 35. Rd1 Ba6 36. Nc3 c5 37. Rdd7 Bc4 38. Nd5 Bxd5 39. Rxd5 Rf8
40. Rdd7 Kg7 41. g4 Kf6 42. h4 c4 43. Kf1 b5 44. Ke2 Rb2+ 45. Ke1 Rb3 46. Kd2
Rd3+ 47. Rxd3 exd3 48. Rc6+ Ke7 49. Rb6 Ra8 50. Rxb5 Ra2+ 0-1

[Event "5th IT Lukavac 2016"]
[Site "Lukavac"]
[Date "2016.11.26"]
[Round "4.8"]
[White "Obad, Andrija"]
[Black "Zenelaj, Fisnik"]
[Result "1-0"]
[WhiteElo "2260"]
[BlackElo "1934"]
[PlyCount "109"]
[EventDate "2016.11.24"]

1. e4 c5 2. Nf3 g6 3. d4 cxd4 4. Nxd4 Nc6 5. c4 Bg7 6. Be3 Nxd4 7. Bxd4 Nf6 8.
Nc3 d6 9. Be2 O-O 10. O-O a5 11. Rc1 Bd7 12. Be3 Bc6 13. f3 Nd7 14. Qd2 Nc5 15.
Rfd1 a4 16. Rc2 Be5 17. Bf1 f5 18. exf5 Rxf5 19. Bxc5 Bxc3 20. Rxc3 Rxc5 21.
Re3 Rf5 22. Bd3 Rf6 23. Be4 Qb6 24. Bxc6 bxc6 25. Kh1 Ra7 26. Rde1 e5 27. Rd3
Qc5 28. b3 axb3 29. axb3 Kg7 30. h3 Re7 31. Re4 Rb7 32. Re1 Re7 33. Kh2 h5 34.
Re4 Rb7 35. Qg5 Rbf7 36. Qd2 Rb7 37. Re1 Re7 38. Qb2 Rb7 39. Qc3 Qf2 40. b4 h4
41. c5 Qg3+ 42. Kh1 dxc5 43. bxc5 Rb2 44. Rg1 Rb7 45. Re3 Rf5 46. Rge1 Rg5 47.
R3e2 Rf7 48. Rf1 Kh7 49. Qb3 Kg7 50. Qb2 Kh7 51. Re4 Kg7 52. Qe2 Rff5 53. Re1
Kh6 54. Qd2 Kh5 55. Rg4 1-0

[Event "5th IT Lukavac 2016"]
[Site "Lukavac"]
[Date "2016.11.26"]
[Round "4.9"]
[White "Budimir, Boris"]
[Black "Muhibic, Cazim"]
[Result "1-0"]
[WhiteElo "2245"]
[BlackElo "1931"]
[PlyCount "37"]
[EventDate "2016.11.24"]

1. e4 e5 2. Nf3 Nc6 3. Bb5 d6 4. d4 exd4 5. Nxd4 Bd7 6. Bxc6 bxc6 7. O-O Be7 8.
Re1 c5 9. Nf3 Bg4 10. Nc3 c6 11. h3 Bh5 12. Bf4 h6 13. Qd3 Bg6 14. Rad1 d5 15.
Qa6 Qb6 16. Qxb6 axb6 17. exd5 cxd5 18. Nxd5 Kf8 19. Nxe7 1-0

[Event "5th IT Lukavac 2016"]
[Site "Lukavac"]
[Date "2016.11.26"]
[Round "4.10"]
[White "Pozegic, Semso"]
[Black "Salkic, Mahir"]
[Result "1/2-1/2"]
[WhiteElo "1873"]
[BlackElo "2151"]
[PlyCount "28"]
[EventDate "2016.11.24"]

1. e4 e6 2. d4 d5 3. exd5 exd5 4. Bd3 Bd6 5. Nf3 Nf6 6. O-O O-O 7. c3 Bg4 8.
Bg5 Nbd7 9. Nbd2 c6 10. h3 Bxf3 11. Nxf3 Qc7 12. Qc2 h6 13. Bxf6 Nxf6 14. Rfe1
Rfe8 1/2-1/2

[Event "5th IT Lukavac 2016"]
[Site "Lukavac"]
[Date "2016.11.26"]
[Round "4.14"]
[White "Omanovic, Vahidin"]
[Black "Uysal, Ugur"]
[Result "1-0"]
[WhiteElo "2002"]
[BlackElo "1532"]
[PlyCount "61"]
[EventDate "2016.11.24"]

1. e4 c5 2. Nf3 e6 3. Qe2 Be7 4. b3 d5 5. d3 Nf6 6. Bb2 O-O 7. Nbd2 Nc6 8. a3
b6 9. g3 Bb7 10. Bg2 Rc8 11. e5 Nd7 12. O-O Qc7 13. Rfe1 Qb8 14. h4 h6 15. Rac1
Qa8 16. Bh3 Rfd8 17. a4 Na5 18. Bc3 Nc6 19. Nf1 a6 20. h5 Rc7 21. N1h2 Rdc8 22.
Ng4 Nb4 23. Bd2 Bf8 24. c3 Na2 25. Bxh6 Nxc3 26. Qd2 gxh6 27. Nxh6+ Bxh6 28.
Qxh6 Nf8 29. Qg5+ Kh7 30. Qf6 d4 31. h6 1-0

[Event "5th IT Lukavac 2016"]
[Site "Lukavac"]
[Date "2016.11.26"]
[Round "4.17"]
[White "Kaplan, Ebru"]
[Black "Halilovic, Fahrudin"]
[Result "1-0"]
[WhiteElo "1954"]
[BlackElo "2092"]
[PlyCount "53"]
[EventDate "2016.11.24"]

1. e4 d5 2. exd5 Nf6 3. d4 Nxd5 4. c4 Nb6 5. Nc3 g6 6. Be3 Bg7 7. Nf3 Nc6 8.
Be2 O-O 9. d5 Nb8 10. Bd4 f6 11. h4 c6 12. h5 cxd5 13. hxg6 hxg6 14. cxd5 Nxd5
15. Bc4 e6 16. Qb3 Re8 17. O-O-O Qc7 18. Kb1 Nxc3+ 19. Qxc3 Qf7 20. Nh4 Nc6 21.
Bc5 b6 22. Ba3 Bb7 23. Qh3 Ne5 24. Nf5 Be4+ 25. Ka1 Re7 26. Nxe7+ Kf8 27. Nf5+
1-0

[Event "5th IT Lukavac 2016"]
[Site "Lukavac"]
[Date "2016.11.26"]
[Round "4.19"]
[White "Habibovic, Hazim"]
[Black "Zupcevic, Nedim"]
[Result "1/2-1/2"]
[WhiteElo "1915"]
[BlackElo "2080"]
[PlyCount "130"]
[EventDate "2016.11.24"]

1. c4 e5 2. Nc3 Nf6 3. e3 Bb4 4. Nge2 O-O 5. a3 Bxc3 6. Nxc3 d5 7. cxd5 Nxd5 8.
Bc4 Nxc3 9. bxc3 Qh4 10. Be2 c5 11. O-O Nc6 12. f4 f5 13. Bb5 e4 14. Qb3+ Kh8
15. Qd5 Qe7 16. Bxc6 bxc6 17. Qxc6 Bd7 18. Qa6 Rfb8 19. a4 Rb6 20. Qa5 Qd6 21.
Ba3 Rc8 22. c4 Ra6 23. Qc3 Rxa4 24. Bb2 Qe7 25. Rxa4 Bxa4 26. Ra1 Be8 27. Qa3
Rc7 28. Be5 Rd7 29. Bc3 Bf7 30. Qa6 h6 31. Qc8+ Kh7 32. Ra4 Bh5 33. Qc6 Rb7 34.
Ra1 Bf7 35. Qa6 Bh5 36. g3 Bg4 37. Be5 Rd7 38. Bc3 Rb7 39. Qc6 Rd7 40. Ra6 Bh5
41. Kf2 Be8 42. Qe6 Qxe6 43. Rxe6 Bf7 44. Re5 Rc7 45. Rxf5 Bxc4 46. Re5 Bd3 47.
Ba5 Rb7 48. Rxc5 Rb1 49. g4 Rf1+ 50. Kg2 Rb1 51. Rc7 h5 52. gxh5 Be2 53. Bc3
Kh6 54. Rxg7 Bf3+ 55. Kh3 Kxh5 56. Rg5+ Kh6 57. Kh4 Rh1 58. h3 Rh2 59. f5 Rxh3+
60. Kxh3 Kxg5 61. f6 Bh5 62. Kg3 Bf7 63. Kf2 Bc4 64. Ke1 Kg6 65. Kd1 Bd3
1/2-1/2